<?xml version="1.0" encoding="UTF-8"?><?xml-stylesheet type="text/xsl" href="static/style.xsl"?><OAI-PMH xmlns="http://www.openarchives.org/OAI/2.0/" xmlns:xsi="http://www.w3.org/2001/XMLSchema-instance" xsi:schemaLocation="http://www.openarchives.org/OAI/2.0/ http://www.openarchives.org/OAI/2.0/OAI-PMH.xsd"><responseDate>2026-06-02T00:53:11Z</responseDate><request verb="GetRecord" identifier="oai:riuma.uma.es:10630/7939" metadataPrefix="marc">https://riuma.uma.es/rest/oai/request</request><GetRecord><record><header><identifier>oai:riuma.uma.es:10630/7939</identifier><datestamp>2026-02-03T11:48:06Z</datestamp><setSpec>com_10630_2254</setSpec><setSpec>col_10630_37959</setSpec></header><metadata><record xmlns="http://www.loc.gov/MARC21/slim" xmlns:dcterms="http://purl.org/dc/terms/" xmlns:doc="http://www.lyncode.com/xoai" xmlns:xsi="http://www.w3.org/2001/XMLSchema-instance" xsi:schemaLocation="http://www.loc.gov/MARC21/slim http://www.loc.gov/standards/marcxml/schema/MARC21slim.xsd">
   <leader>00925njm 22002777a 4500</leader>
   <datafield ind2=" " ind1=" " tag="042">
      <subfield code="a">dc</subfield>
   </datafield>
   <datafield ind2=" " ind1=" " tag="720">
      <subfield code="a">Valero-Romero, María José</subfield>
      <subfield code="e">author</subfield>
   </datafield>
   <datafield ind2=" " ind1=" " tag="720">
      <subfield code="a">Calvo-Muñoz, Elisa Maria</subfield>
      <subfield code="e">author</subfield>
   </datafield>
   <datafield ind2=" " ind1=" " tag="720">
      <subfield code="a">Rodrigues-Gómes, Marilucía</subfield>
      <subfield code="e">author</subfield>
   </datafield>
   <datafield ind2=" " ind1=" " tag="720">
      <subfield code="a">Serrano-Pérez de Gracia, Marta</subfield>
      <subfield code="e">author</subfield>
   </datafield>
   <datafield ind2=" " ind1=" " tag="720">
      <subfield code="a">Rodríguez-Mirasol, José</subfield>
      <subfield code="e">author</subfield>
   </datafield>
   <datafield ind2=" " ind1=" " tag="720">
      <subfield code="a">Cordero-Alcántara, Tomás</subfield>
      <subfield code="e">author</subfield>
   </datafield>
   <datafield ind2=" " ind1=" " tag="260">
      <subfield code="c">2014-07-28</subfield>
   </datafield>
   <datafield ind2=" " ind1=" " tag="520">
      <subfield code="a">Activated carbons are receiving great attention in the last decades as catalysts and catalyst supports due to some advantages, such as, their very high specific surface area, high thermal and chemical stability and the presence of stable basic and acid surface sites as oxygen surface groups. We havepreviou sly reported the preparation and characterization of activated carbons by chemical activation of different lignocelullosic waste and by-products with phosphoric acid [1,2]. The carbons obtained &#xd;
showed a particular surface chemistry due to acid surface phosphorus groups of high thermal &#xd;
stability that remain over the carbon surface, providing the carbons a high oxidation resistance and surface acidity.&#xd;
In this work, we study the catalytic conversion of ethanol and methanol over an acid carbon-based&#xd;
catalyst obtained by chemical activation of olive stone with H3PO4. The carbon catalyst is active for both reactions, yielding mainly dehydration products, that is, dimethyl ether (SDME>82% at 350ºC) and ethylene (Sethylene>91% at 325ºC), with lower amounts of diethyl ether, for methanol and &#xd;
ethanol decomposition, respectively. &#xd;
The activated carbon catalytic activity and stability, under inert and oxidant atmospheres, as well as, different regeneration procedures were analyzed. Results evidence that catalytic performance strongly depends on the type of atmosphere in which the reaction proceeds and suggest that oxygen would play a key role on theses catalytic processes. In the absence of oxygen, catalyst suffers a progressive deactivation by coke deposition on the active acid &#xd;
sites, being faster and more pronounced for methanol decomposition (Fig. 1). However, in the presence of air, the carbon surface chemistry is modified, probably through oxygen spillover on the catalyst surface, where the availability of labile &#xd;
oxygen would inhibit catalyst deactivation and allow steady state conditions to be reached. Furthermore, the presence of oxygen leads to significant enhancements of both alcohol conversions and could even partially regenerate the catalyst.</subfield>
   </datafield>
   <datafield ind1="8" ind2=" " tag="024">
      <subfield code="a">http://hdl.handle.net/10630/7939</subfield>
   </datafield>
   <datafield tag="653" ind2=" " ind1=" ">
      <subfield code="a">Carbón activado</subfield>
   </datafield>
   <datafield tag="653" ind2=" " ind1=" ">
      <subfield code="a">Catálisis</subfield>
   </datafield>
   <datafield ind2="0" ind1="0" tag="245">
      <subfield code="a">Role of oxygen in the dehydration of methanol and ethanol  on carbon-based acid catalysts</subfield>
   </datafield>
</record>
</metadata></record></GetRecord></OAI-PMH>